BAILEY & LOVE'S SHORT PRACTICE OF SURGERY (Record no. 8368)

MARC details
000 -LEADER
fixed length control field 00499nam a22001817a 4500
005 - DATE AND TIME OF LATEST TRANSACTION
control field 20230821100818.0
008 - FIXED-LENGTH DATA ELEMENTS--GENERAL INFORMATION
fixed length control field 230817b |||||||| |||| 00| 0 eng d
020 ## - INTERNATIONAL STANDARD BOOK NUMBER
ISBN 9780367548117
041 ## - LANGUAGE CODE
Language code of text/sound track or separate title eng
082 ## - DEWEY DECIMAL CLASSIFICATION NUMBER
Classification number 617 OCO-B
100 ## - MAIN ENTRY--AUTHOR NAME
Personal name O'CONNELL, P. RONAN AND McCASKIE ANDREW W. , SAYERS, ROBERT D.
245 ## - TITLE STATEMENT
Title BAILEY & LOVE'S SHORT PRACTICE OF SURGERY
250 ## - EDITION STATEMENT
Edition statement 28TH, ED.2023
260 ## - PUBLICATION, DISTRIBUTION, ETC. (IMPRINT)
Place of publication BOKA RATON
Name of publisher CRC PRESS
Year of publication 2023
300 ## - PHYSICAL DESCRIPTION
Number of Pages 849; P
650 ## - SUBJECT ADDED ENTRY--TOPICAL TERM
Topical Term BPT
942 ## - ADDED ENTRY ELEMENTS (KOHA)
Koha item type Books
Holdings
Lost status Damaged status Collection code Home library Current library Shelving location Date acquired Source of acquisition Cost, normal purchase price Full call number Accession Number Koha item type
    Reference JRU Library JRU Library SHELF-8-A 05/08/2023 PURCHASE 5795.00 617 27836 Books
    PHYSIOTHERAPY JRU Library JRU Library SHELF-20-H 05/08/2023 PURCHASE 5795.00 617 27837 Books
    PHYSIOTHERAPY JRU Library JRU Library SHELF-20-H 05/08/2023 PURCHASE 5795.00 617 27838 Books
    PHYSIOTHERAPY JRU Library JRU Library SHELF-20-H 05/08/2023 PURCHASE 5795.00 617 27839 Books